Suchmaschinen / Browser - Statistiken

Allgemein
  • Dieses Quiz wurde 188 mal gespielt
  • Das Durchschnittsergebnis liegt bei 5 aus 15
Antwortstatistiken
Hint Antwort % Korrekt
- Google
92%
- Bing
71%
- Yahoo
60%
- Chrome
54%
- Edge
48%
- Opera
39%
- Safari
39%
- Mozilla Firefox
34%
- Duck Duck Go
28%
- Ecosia
23%
- Tor
10%
- Brave
9%
- Yandex
6%
- Baidu
5%
- Vivaldi
3%
Keine übereinstimmenden Quizze gefunden
Verteilung der Resultate
Anzahl Personen mit jedem Resultat
Perzentil nach korrekt beantworteten Fragen
Ihre Resultats-Entwicklung
Sie haben dieses Quiz noch nicht gespielt